دراسات الحسابات القومية لمنطقة اللجنة الإقتصادية و الإجتماعية لغربي آسيا / (رقم التسجيلة. 119256)

تفاصيل مارك
000 -LEADER
fixed length control field 00619nam a22001697a 4500
005 - DATE AND TIME OF LATEST TRANSACTION
control field 20251108174830.0
008 - FIXED-LENGTH DATA ELEMENTS--GENERAL INFORMATION
fixed length control field 250721s2009 xx 000 0 ara d
082 14 - DEWEY DECIMAL CLASSIFICATION NUMBER
Classification number م/339.4/لجن
245 10 - TITLE STATEMENT
Title دراسات الحسابات القومية لمنطقة اللجنة الإقتصادية و الإجتماعية لغربي آسيا /
246 11 - VARYING FORM OF TITLE
Title proper/short title National Accounts Studies of The ESCWA Region
264 1# - PRODUCTION, PUBLICATION, DISTRIBUTION, MANUFACTURE, AND COPYRIGHT NOTICE
Place of production, publication, distribution, manufacture نيويورك :
Name of producer, publisher, distributor, manufacturer الأمم المتحدة،
Date of production, publication, distribution, manufacture, or copyright notice 2009.
300 ## - PHYSICAL DESCRIPTION
Extent 83ص.
650 17 - SUBJECT ADDED ENTRY--TOPICAL TERM
Topical term or geographic name as entry element الحسابات القومية
650 17 - SUBJECT ADDED ENTRY--TOPICAL TERM
Topical term or geographic name as entry element الإنفاق القومي
942 ## - ADDED ENTRY ELEMENTS (KOHA)
Source of classification or shelving scheme Dewey Decimal Classification
Koha item type مراجع
المقتنيات
حالة السحب حالة الفقدان مصدر التصنيف حالة التلف غير قابل للإعارة المكتبة الرئيسية المكتبة الحالية موقع الرف تاريخ التزويد الرقم المتسلسل Total Checkouts رقم الإستدعاء الباركود تاريخ آخر ظهور تاريخ الفاتورة نوع المادة (كوها)
    Dewey Decimal Classification   Not For Loan المكتبة المركزية المكتبة المركزية مراجع 28/07/2025 1354034   م/339.4/لجن PLD00128638 28/07/2025 28/07/2025 مراجع
    Dewey Decimal Classification   Not For Loan المكتبة المركزية المكتبة المركزية مراجع 17/03/2011 1427848   م/339.4/لجن PLD00197922 28/07/2025 17/03/2011 مراجع
Implemented & Customized by: BBB with SCIT (Smart Chains for Information Technology)

Powered by Koha